Представление документа в формате RUSMARC

ПолеНазваниеЗначение
  Тип записи a
  Библиографический уровень m
001 Контрольный номер RU/SLIB/B/226081788
005 Дата корректировки 20211213113128.4
010 Индекс ISBN __
a ISBN 5-482-00166-0
d Цена 56-01
101 Язык документа 0_
a Язык текста rus
c Язык оригинала rus
200 Заглавие и сведения об ответственности 1_
a Заглавие Новый Жилищный кодекс Российской Федерации
e Сведения, относящиеся к заглавию в схемах и таблицах : учеб. пособие
f Первые сведения об ответственности В. В. Пиляева
b Общее обозначение материала Текст
210 Выходные данные 1_
a Место издания М.
c Издательство ТК Велби
d Дата издания 2006
215 Физическое описание __
a Объем 235 с.
c Иллюстрации/тип воспроизводства схемы, табл.
330 Аннотация __
a Аннотация Книга в доступной форме раскрывает смысл новых нормативных положений, регулирующих жилищные отношения.
606 Тематические рубрики __
a Основная рубрика Право
z Хронологическая подрубрика 21 в.
y Географическая подрубрика Россия; Российская Федерация; РФ
606 Тематические рубрики __
a Основная рубрика Обязательственное право
610 Ключевые слова 0_
a Ключевые слова жилищное право; жилищное законодательство; вещные права; жилищные правоотношения; жилищный фонд; собственники жилья; права собственников; обязанности собственников; наниматели жилья; социальное жилье; социальный наем; жилые помещения; нежилые помещения; переустройство; перепланировка; специализированный жилищный фонд; жилищно-строительные кооперативы; управление многоквартирными домами; товарищества собственников жилья; ТСЖ; коммунальные услуги
686 Индексы других классификаций __
a Классификационный индекс 67.404.212.47(2Рос)я73
700 Автор _1
a Фамилия Пиляева
b Имя В. В.
g Полное личное имя Валентина Владимировна
4 Код отношения 070
801 Источник записи _0
a Страна RU
b Организация Муниципальное бюджетное учреждение культуры "Централизованная библиотечная система" г. Сургут (Центральная городская библиотека им. А. С. Пушкина)
g Правила каталогизации КиК/Дорошева
801 Источник записи _1
a Страна RU
b Организация Муниципальное бюджетное учреждение культуры "Централизованная библиотечная система" г. Сургут (Центральная городская библиотека им. А. С. Пушкина)
g Правила каталогизации КиК/Дорошева
852 Данные о местонахождении __
j Шифр хранения 67.404.212.47(2Рос)я73
c Каталожный индекс 67.404.2(2Рос)я73
i Авторский знак П 32
901 Тип документа __
t Тип документа m
903 Характеристики (МАРС) __
a Дата передачи 20070312
969 Тип издания __
a Тип издания учебное пособие
990 Данные о заказе (DOS) __
j Количество экземпляров (DOS) 3
h N записи в КСУ для Б/У (DOS) 200703